000 00393 a2200169 4500
001 184024
020 _a85-262-1894-8
040 _cMagnum
100 _aCaruso, Aristides
240 1 0 _aEm busca do templo perdido
_lpor
245 1 0 _aEm busca do templo perdido
300 _a48
362 0 _a1999
440 1 _aScipione
697 _aLITERATURA INFANTO-JUVENIL ESTRANGEIRA
942 _cBK
999 _c184024
_d184024